<?xml version="1.0" encoding="UTF-8"?>
<collection xmlns="http://www.loc.gov/MARC21/slim">
 <record>
  <leader>03219nam a2200385 a 4500</leader>
  <controlfield tag="001">24871117</controlfield>
  <controlfield tag="008">091011s1993    enka     b    101 0 eng d</controlfield>
  <datafield tag="010" ind1=" " ind2=" ">
   <subfield code="a">91042030</subfield>
  </datafield>
  <datafield tag="020" ind1=" " ind2=" ">
   <subfield code="a">0195649656</subfield>
  </datafield>
  <datafield tag="020" ind1=" " ind2=" ">
   <subfield code="a">0198283954 (acid-free paper) :</subfield>
   <subfield code="c">Đ45.00</subfield>
  </datafield>
  <datafield tag="020" ind1=" " ind2=" ">
   <subfield code="a">0198287976 (pbk. : acid-free paper)</subfield>
  </datafield>
  <datafield tag="040" ind1=" " ind2=" ">
   <subfield code="a">DLC</subfield>
   <subfield code="c">DLC</subfield>
   <subfield code="d">PMC</subfield>
   <subfield code="d">UKM</subfield>
   <subfield code="d">OrLoB-B</subfield>
  </datafield>
  <datafield tag="082" ind1="0" ind2="0">
   <subfield code="a">306</subfield>
   <subfield code="2">20</subfield>
  </datafield>
  <datafield tag="245" ind1="0" ind2="4">
   <subfield code="a">The Quality of life /</subfield>
   <subfield code="c">edited by Martha Nussbaum and Amartya Sen.</subfield>
  </datafield>
  <datafield tag="260" ind1=" " ind2=" ">
   <subfield code="a">Oxford [England] :</subfield>
   <subfield code="b">Clarendon Press ;</subfield>
   <subfield code="a">New York :</subfield>
   <subfield code="b">Oxford University Press,</subfield>
   <subfield code="c">1993.</subfield>
  </datafield>
  <datafield tag="300" ind1=" " ind2=" ">
   <subfield code="a">xi, 453 p. :</subfield>
   <subfield code="b">ill. ;</subfield>
   <subfield code="c">24 cm.</subfield>
  </datafield>
  <datafield tag="490" ind1="1" ind2=" ">
   <subfield code="a">WIDER studies in development economics.</subfield>
  </datafield>
  <datafield tag="500" ind1=" " ind2=" ">
   <subfield code="a">&quot;A study prepared for the World Institute for Development Economics Research (WIDER) of the United Nations University.&quot;</subfield>
  </datafield>
  <datafield tag="500" ind1=" " ind2=" ">
   <subfield code="a">Papers presented at a conference sponsored by the World Institute for Development Economics Research.</subfield>
  </datafield>
  <datafield tag="504" ind1=" " ind2=" ">
   <subfield code="a">Includes bibliographical references and indexes.</subfield>
  </datafield>
  <datafield tag="541" ind1="1" ind2=" ">
   <subfield code="e">00013353</subfield>
  </datafield>
  <datafield tag="520" ind1=" " ind2=" ">
   <subfield code="a">The idea of the quality of life is central to economic and social assessment and also to public policy, social legislation, and community programmes. However, the commonly used indicators of economic success such as per capita income are at best crude measures of the quality of life. There is a strong need for a systematic exploration of the content, reach, and relevance of the concept of the quality of life, and ways of making it concrete and usable. In this collection of essays, some leading economists and philosophers rise to that challenge and provide a wide-ranging investigation. The essays include examination of recent attempts to replace incomes and utilities by the concept of capability and also exploration of the classic Aristotelian accounts of human flourishing, which provide insights into capability-based assessment of the quality of life. Some underlying methodological problems are also examined, including cultural relativism and utility as a measure of advantage. Possibilities of application are discussed in the context of important practical problems, such as correcting gender-based inequalities, determining medical priorities, and promoting living standards. The overall result is a major contribution to the understanding and use of the idea of the quality of life.</subfield>
  </datafield>
  <datafield tag="650" ind1=" " ind2="0">
   <subfield code="a">Quality of life</subfield>
   <subfield code="x">Congresses.</subfield>
  </datafield>
  <datafield tag="650" ind1=" " ind2="0">
   <subfield code="a">Public welfare</subfield>
   <subfield code="x">Congresses.</subfield>
  </datafield>
  <datafield tag="650" ind1=" " ind2="0">
   <subfield code="a">Human services</subfield>
   <subfield code="x">Congresses.</subfield>
  </datafield>
  <datafield tag="650" ind1=" " ind2="0">
   <subfield code="a">Social values</subfield>
   <subfield code="x">Congresses.</subfield>
  </datafield>
  <datafield tag="700" ind1="1" ind2=" ">
   <subfield code="a">Nussbaum, Martha Craven,</subfield>
   <subfield code="d">1947-</subfield>
  </datafield>
  <datafield tag="700" ind1="1" ind2=" ">
   <subfield code="a">Sen, Amartya Kumar.</subfield>
  </datafield>
  <datafield tag="710" ind1="2" ind2=" ">
   <subfield code="a">World Institute for Development Economics Research.</subfield>
  </datafield>
  <datafield tag="830" ind1="0" ind2=" ">
   <subfield code="a">Studies in development economics.</subfield>
  </datafield>
  <datafield tag="852" ind1="4" ind2=" ">
   <subfield code="a">Ayesha Abed Library </subfield>
   <subfield code="j">General Shelf.</subfield>
  </datafield>
  <datafield tag="999" ind1=" " ind2=" ">
   <subfield code="c">4505</subfield>
   <subfield code="d">4505</subfield>
  </datafield>
  <datafield tag="952" ind1=" " ind2=" ">
   <subfield code="0">0</subfield>
   <subfield code="1">0</subfield>
   <subfield code="2">ddc</subfield>
   <subfield code="4">0</subfield>
   <subfield code="6">306_000000000000000_QUA</subfield>
   <subfield code="7">0</subfield>
   <subfield code="9">4229</subfield>
   <subfield code="a">BRACUL</subfield>
   <subfield code="b">BRACUL</subfield>
   <subfield code="c">GEN</subfield>
   <subfield code="d">2009-10-12</subfield>
   <subfield code="g">408.00</subfield>
   <subfield code="l">2</subfield>
   <subfield code="m">28</subfield>
   <subfield code="o">306 QUA</subfield>
   <subfield code="p">3010013353</subfield>
   <subfield code="r">2018-01-30</subfield>
   <subfield code="s">2018-01-23</subfield>
   <subfield code="t">1</subfield>
   <subfield code="v">416.00</subfield>
   <subfield code="w">2009-10-12</subfield>
   <subfield code="y">BK</subfield>
  </datafield>
  <datafield tag="952" ind1=" " ind2=" ">
   <subfield code="0">0</subfield>
   <subfield code="1">0</subfield>
   <subfield code="2">ddc</subfield>
   <subfield code="4">0</subfield>
   <subfield code="6">306_000000000000000_QUA</subfield>
   <subfield code="7">0</subfield>
   <subfield code="9">42999</subfield>
   <subfield code="a">SCL</subfield>
   <subfield code="b">SCL</subfield>
   <subfield code="c">GEN</subfield>
   <subfield code="d">1999-06-06</subfield>
   <subfield code="l">0</subfield>
   <subfield code="o">306 QUA</subfield>
   <subfield code="p">3020002279</subfield>
   <subfield code="r">2014-07-08</subfield>
   <subfield code="t">2</subfield>
   <subfield code="w">2014-07-08</subfield>
   <subfield code="y">BK</subfield>
  </datafield>
  <datafield tag="952" ind1=" " ind2=" ">
   <subfield code="0">0</subfield>
   <subfield code="1">0</subfield>
   <subfield code="2">ddc</subfield>
   <subfield code="4">0</subfield>
   <subfield code="6">306_000000000000000_QUA</subfield>
   <subfield code="7">0</subfield>
   <subfield code="9">54118</subfield>
   <subfield code="a">SCL</subfield>
   <subfield code="b">SCL</subfield>
   <subfield code="c">GEN</subfield>
   <subfield code="d">2015-06-08</subfield>
   <subfield code="l">1</subfield>
   <subfield code="m">6</subfield>
   <subfield code="o">306 QUA</subfield>
   <subfield code="p">3020005890</subfield>
   <subfield code="r">2024-12-01</subfield>
   <subfield code="s">2024-10-21</subfield>
   <subfield code="t">3</subfield>
   <subfield code="w">2015-06-08</subfield>
   <subfield code="y">BK</subfield>
  </datafield>
 </record>
</collection>
